000 00745cam a22002533a 4500
001 12349
003 PGUSA
005 20140828083248.0
008 040501s2004||||xxu|||||s|||||000 1 eng d
040 _aPGUSA
_beng
042 _adc
050 4 _aPR
100 1 _aWalpole, Hugh,
_cSir,
_d1884-1941
245 1 4 _aThe Secret City
_h[electronic resource] /
_cHugh, Walpole
260 _bProject Gutenberg,
_c2004
506 _aPublic domain in the USA.
516 _aElectronic text
653 _aSoviet Union -- History -- Revolution, 1917-1921 -- Fiction
653 _aHistorical fiction
653 _aBritish -- Russia -- Fiction
830 0 _aProject Gutenberg
_v12349
856 4 0 _uhttp://www.gutenberg.org/ebooks/12349
942 _cEB
999 _c241604
_d241604